00588nam a22002057a 450000500170000001000130001702000210003003500130005103700160006404000120008008200110009210000230010324501070012626000360023327000460026930000200031565000170033565000100035270000200036220170124110116.0 aA-938174 c00.00a033392326 aA-938174 bCen Lib/Ret aDPLbEN aNbRAO aRao, G.V. Krishna  aPuppets :cby G.V. Krishana Rao ; traslated from the Telugu original by D. Kesava Rao bkeelubommalu / bMacmillan India aChennaic1997 bChennaia21 Patullos Road Chennaie600002 a321p.c21cm(Hb) a Literature  aNovel aRao, D. Kesava